Clash Of Clans: toutes les troupes, sorts, héros... - Statistiques

Statistiques générales
  • Ce quiz a été pris 59 fois
  • Le résultat moyen est 45 sur 74
Statistiques - réponses
HDV Déblocable Type de quiz Réponse % Correct
2 Troupe Archères
98%
1 Troupe Barbare
98%
Troupe Géant
93%
Troupe Gobelin
93%
5 Troupe Sorcier
93%
Troupe Dragon
89%
Troupe Chevaucheur de Cochon
86%
Troupe P.E.K.K.A
86%
7 Héros Roi des Barbares
86%
4 Troupe Ballon
84%
Troupe Gargouille
84%
Troupe Golem
84%
8 Héros Reine des Archères
84%
3 Troupe Sapeur
82%
Troupe Sorcière
82%
Sort Sort de guérison
82%
Sort Sort de foudre
80%
11 Héros Grand gardien
77%
Sort Sort de rage
77%
Troupe Valkyrie
77%
Troupe Bébé dragon
75%
Troupe Electro-dragon
75%
6 Troupe Guérisseuse
75%
10 Troupe Mineur
75%
Sort Sort d'empoisonnement
73%
Troupe Golem de glace
70%
9 Héros Prince gargouille
70%
Sort Sort sismique
70%
13 Héros Championne Royale
68%
Troupe Molosse de lave
68%
Sort Sort de gel
68%
Sort Sort Squelettique
66%
Sort Sort de saut
64%
Troupe Bouliste
61%
Sort Sort d'invisibilité
61%
Familier Licorne
59%
Sort Sort de chauves-souris
59%
Sort Sort de clonage
59%
Sort Sort de précipitation
59%
Troupe Cavalière sylvestre
57%
12 Troupe Yéti
57%
Troupe Chevaucheur de dragon
55%
Engin de siège Dirigeable de combat
55%
14 Familier L.A.S.S.I
55%
Engin de siège Lance-bûches
52%
Sort Sort de rappel
52%
Sort Sort de totem
52%
Troupe Chasseuse de tête
50%
Troupe Cyclope
50%
Troupe Druide
48%
15 Héros Duc draconique
48%
Troupe Electro-titanide
48%
Engin de siège Broyeur de pierres
45%
Engin de siège Caserne de siège
45%
Familier Lézard létal
45%
Familier Phénix
45%
Engin de siège Catapulte d'esprits
43%
Engin de siège Démolisseur
43%
Familier Yak robuste
43%
Famlilier Electro-chouette
41%
Troupe Fournaise
41%
Sort Sort de floraison
41%
Troupe Apprenti gardien
39%
Engin de siège Foreuse de combat
39%
16 Familier Renard spirituel
39%
Engin de siège Lance-troupes
36%
Familier Méduse colérique
36%
Familier Pablo
36%
Sort Sort de résurrection
36%
17 Familier Atchoum
34%
Familier Flocon
34%
Troupe Golem météorique
32%
Sort Sort de bloc de glace
27%
18 Familier Corbutin
25%
Aucun quiz correspondant
Distribution des résultats
% des personnes avec chaque résultat
Percentile par nombre de réponses
Votre historique - résultats
Vous n’avez pas pris ce quiz